| 000 | 00880 a2200217 4500 | ||
|---|---|---|---|
| 999 |
_c8155 _d8155 |
||
| 020 | _a1581153171 | ||
| 050 | 0 | 0 | _aML3790 WIL 2004 |
| 100 | 1 |
_aWilson, Lee, _d1951- _eauthor |
|
| 245 | 1 | 0 |
_aMaking it in the music business : _bthe business and legal guide for songwriters and performers / _cLee Wilson. |
| 250 | _a3rd ed. | ||
| 264 |
_aNew York : _bAllworth Press, _c2004. |
||
| 300 | _axv, 239 p. ; | ||
| 500 | _aIncludes index | ||
| 650 | 0 | 0 | _aMusic trade |
| 650 | 0 | 0 |
_aCopyright _xMusic |
| 650 | 0 | 0 |
_aMusicians _xLegal status, laws, etc. |
| 856 | 4 | 1 |
_3Table of contents _uhttp://www.loc.gov/catdir/toc/ecip047/2003017283.html |
| 856 | 4 | 2 |
_3Publisher description _uhttp://www.loc.gov/catdir/enhancements/fy1401/2003017283-d.html |
| 942 |
_2lcc _cBK _e3rd ed. _h3790 _iWIL _kML |
||